000 00802nam a22001577a 4500
003 OSt
005 20160323141249.0
008 160323b xxu||||| |||| 00| 0 eng d
040 _cRUA
082 _aATM BUN 2004 B473 Or.1
100 _98143
_aBUN NARIN, ប៊ុន​​ ណារិន
245 _aការស្រាវជ្រាវពូជស្រូវនៅកម្ពុជារបស់វិទ្យាស្ថានស្រាវជ្រាវនិងអភិវឌ្ឍន៍កសិកម្មកម្ពុជាក្នុងគោលបំណងរួមចំនែកធានានូវសន្តិសុខស្បៀងក្នុងខេត្តកំពត
260 _aPhnom Penh
_bRUA
_c2004
300 _aiii; 38p.
_bill.
_c29cm.
942 _2ddc
_cATM
999 _c7756
_d7756